| 000 | 01768nam a2200325Ia 4500 | ||
|---|---|---|---|
| 001 | ebr10279998 | ||
| 003 | CaPaEBR | ||
| 006 | m u | ||
| 007 | cr cn||||||||| | ||
| 008 | 090422s2009 dcu sbs 001 0 eng d | ||
| 040 |
_aCaPaEBR _cCaPaEBR |
||
| 035 | _a(OCoLC)567853983 | ||
| 050 | 1 | 4 |
_aDS79.744.M44 _bG84 2009eb |
| 245 | 0 | 0 |
_aGulf War and health. _nVolume 7, _pLong-term consequences of traumatic brain injury _h[electronic resource] / _cCommittee on Gulf War and Health: Brain Injury in Veterans and Long-term Health Outcomes, Board on Population Health and Public Health Practice, Institute of Medicine of the National Academies. |
| 260 |
_aWashington, D.C. : _bNational Academy Press, _c2009. |
||
| 300 | _axiii, 381 p. | ||
| 504 | _aIncludes bibliographical references and index. | ||
| 533 |
_aElectronic reproduction. _bPalo Alto, Calif. : _cebrary, _d2013. _nAvailable via World Wide Web. _nAccess may be limited to ebrary affiliated libraries. |
||
| 650 | 0 |
_aPersian Gulf War, 1991 _xHealth aspects _zUnited States. |
|
| 650 | 0 |
_aPersian Gulf War, 1991 _xVeterans _xDiseases _zUnited States. |
|
| 650 | 0 |
_aPersian Gulf syndrome _zUnited States. |
|
| 650 | 0 |
_aBrain _xWounds and injuries _zUnited States. |
|
| 650 | 0 |
_aVeterans _xMental health _zUnited States. |
|
| 655 | 7 |
_aElectronic books. _2local |
|
| 710 | 2 |
_aInstitute of Medicine (U.S.). _bCommittee on Gulf War and Health: Brain Injury in Veterans and Long-Term Health Outcomes. |
|
| 710 | 2 |
_aInstitute of Medicine (U.S.). _bBoard on Population Health and Public Health Practice. |
|
| 710 | 2 | _aNational Academies Press (U.S.) | |
| 710 | 2 | _aebrary, Inc. | |
| 856 | 4 | 0 |
_uhttp://site.ebrary.com/lib/rucke/Doc?id=10279998 _zAn electronic book accessible through the World Wide Web; click to view |
| 999 |
_c18896 _d18896 |
||